000 00340nam a22001337a 4500
020 _a81-87981-40-7
082 _a100
_bGIB/S
100 _aGIBRAN,KAHLIL
245 _aSPIRITS REBELLIOUS THE MADMAN THE FORERUNNER
260 _aNEW DELHI
_bINDIALOG PUBLICATIONS
300 _a52
650 _aPERSONALITY DEVELOPMENT
_zNEW DELHI
942 _cBK
999 _c5171
_d5171